000 00807nmc a2200301 a 4500
003 AR-BaBNM
005 20251128202810.0
008 186119s1953 ||||||||||||||000 | spa||
040 _cAR-BaBNM
100 1 _aRamos Mejía, José María
245 1 0 _aRosas y su tiempo
_n2
260 _aBuenos Aires
_bJackson
_c1953
300 0 _a272 p.
490 0 _aGrandes escritores argentinos
_vv. 37
500 0 _aContiene índice del tomo en p.269-272
650 4 _aHISTORIA ARGENTINA
650 4 _aHISTORIA POLITICA
650 4 _aROSAS Y SU TIEMPO
650 4 _aCAUDILLOS ARGENTINOS
650 4 _aMONTONERAS
650 4 _aLIGA UNITARIA
650 4 _aREACCIONES CONTRA ROSAS
651 4 _aArgentina
655 _aLITERATURA
800 1 _aPalcos, Alberto
_edirector
942 _cBK
998 _cisola
999 _c625
_d625